[Event "Cheliabinsk Panchenko Memorial op-A"]
[Site "Cheliabinsk"]
[Date "2022.09.15"]
[Round "4"]
[White "Panov, Maksim"]
[Black "Gnechko, Ruslan"]
[Result "1-0"]
[WhiteElo "2242"]
[BlackElo "2101"]
[PlyCount "129"]
[EventDate "2022.09.12"]
[EventType "swiss"]
[EventRounds "10"]
[EventCountry "RUS"]
[SourceTitle "CBM 210 Extra"]
[Source "ChessBase"]
[SourceDate "2022.11.30"]
[SourceVersion "1"]
[SourceVersionDate "2022.11.30"]
[SourceQuality "1"]

1. d4 Nf6 2. Nf3 e6 3. g3 c5 4. Bg2 cxd4 5. 0-0 d5 6. Nxd4 e5 7. Nb3 h6 8. c4 dxc4 9. Qxd8+ Kxd8 10. Na5 Kc7 11. Nxc4 Nc6 12. Bxc6 bxc6 13. Nxe5 Be6 14. Nc3 Bd6 15. Nd3 Bf5 16. Bf4 Bxf4 17. Nxf4 g5 18. Ng2 Rab8 19. b3 Rbd8 20. Rfd1 Rxd1+ 21. Rxd1 Re8 22. f3 Re5 23. Kf2 Rc5 24. Na4 Ra5 25. Rc1 Nd7 26. Ne3 Be6 27. Nc4 Ra6 28. Ncb2 Nb6 29. g4 Ra5 30. Nc3 Kd6 31. Nd3 Ke7 32. Rc2 c5 33. Nb2 Ra3 34. Nbd1 c4 35. b4 Nd7 36. Nb1 Ra6 37. Ndc3 Ne5 38. a4 Rb6 39. b5 Rb8 40. Ke3 h5 41. Kd4 f6 42. h3 Rd8+ 43. Kc5 Rc8+ 44. Kb4 f5 45. gxf5 Bxf5 46. Ne4 g4 47. hxg4 hxg4 48. Rc3 Bxe4 49. fxe4 Rd8 50. Na3 Rd2 51. a5 Rb2+ 52. Ka4 Rxe2 53. b6 axb6 54. a6 Nc6 55. Kb5 Kd7 56. Nxc4 Kc7 57. e5 Re1 58. Ne3 Rb1+ 59. Kc4 Kb8 60. Kd5 Nb4+ 61. Kd6 Nxa6 62. e6 Rb4 63. e7 Re4 64. Nxg4 Nc5 65. Ne5 1-0

[Event "Cheliabinsk Panchenko Memorial op-A"]
[Site "Cheliabinsk"]
[Date "2022.09.14"]
[Round "3"]
[White "Gnechko, Ruslan"]
[Black "Tologontegin, Semetey"]
[Result "0-1"]
[WhiteElo "2101"]
[BlackElo "2372"]
[PlyCount "72"]
[EventDate "2022.09.12"]
[EventType "swiss"]
[EventRounds "10"]
[EventCountry "RUS"]
[SourceTitle "CBM 210 Extra"]
[Source "ChessBase"]
[SourceDate "2022.11.30"]
[SourceVersion "1"]
[SourceVersionDate "2022.11.30"]
[SourceQuality "1"]

1. d4 Nf6 2. c4 e6 3. Nf3 Bb4+ 4. Bd2 a5 5. g3 b6 6. Bg2 Bb7 7. 0-0 0-0 8. Bf4 Be7 9. Nc3 d6 10. Qc2 c5 11. Rad1 Nc6 12. dxc5 bxc5 13. a3 Qb8 14. Nb5 Rd8 15. Rd2 h6 16. Rdd1 Nd4 17. Nfxd4 cxd4 18. Bc1 Bxg2 19. Kxg2 Qb7+ 20. Kg1 e5 21. e3 dxe3 22. Bxe3 d5 23. Qf5 e4 24. Rc1 dxc4 25. a4 Rd5 26. Qf4 g5 27. Qc7 Rxb5 28. Qxc4 Rxb2 29. Rfd1 Rb4 30. Qc2 Ng4 31. Bd4 Bf6 32. Bc5 Rb2 33. Qc4 Ne5 34. Qf1 Nd3 35. Rc4 Qd5 36. Rdc1 Qe6 0-1

[Event "Titled Tuesday intern op 07th Jun Late"]
[Site "Chess.com INT"]
[Date "2022.06.07"]
[Round "6"]
[White "Daggupati, Balaji"]
[Black "Gnechko, Ruslan"]
[Result "1-0"]
[WhiteElo "2494"]
[BlackElo "2132"]
[PlyCount "53"]
[EventDate "2022.06.07"]
[EventType "swiss (blitz)"]
[EventRounds "11"]
[EventCountry "USA"]
[SourceTitle "CBM 208 Extra"]
[Source "ChessBase"]
[SourceDate "2022.07.31"]
[SourceVersion "1"]
[SourceVersionDate "2022.07.31"]
[SourceQuality "1"]

1. e4 c5 2. Nf3 d6 3. d4 cxd4 4. Nxd4 Nf6 5. Nc3 a6 6. Qe2 e6 7. Bg5 Be7 8. 0-0-0 0-0 9. e5 Nd5 10. Bxe7 Nxc3 11. Bxd8 Nxe2+ 12. Bxe2 Rxd8 13. exd6 Rxd6 14. Nxe6 Rxd1+ 15. Rxd1 Nc6 16. Nc7 Rb8 17. Bf3 Bf5 18. Bxc6 bxc6 19. Nxa6 Ra8 20. Nb4 c5 21. Nd5 Kf8 22. a3 Ra6 23. Ne3 Be4 24. Rd8+ Ke7 25. Rc8 Rh6 26. Rxc5 Rxh2 27. Re5+ 1-0

[Event "Titled Tuesday intern op 07th Jun Late"]
[Site "Chess.com INT"]
[Date "2022.06.07"]
[Round "1"]
[White "Gnechko, Ruslan"]
[Black "Rustemov, Alexander"]
[Result "1-0"]
[WhiteElo "2132"]
[BlackElo "2525"]
[PlyCount "167"]
[EventDate "2022.06.07"]
[EventType "swiss (blitz)"]
[EventRounds "11"]
[EventCountry "USA"]
[SourceTitle "CBM 208 Extra"]
[Source "ChessBase"]
[SourceDate "2022.07.31"]
[SourceVersion "1"]
[SourceVersionDate "2022.07.31"]
[SourceQuality "1"]

1. d4 f5 2. Nc3 Nf6 3. Bg5 d5 4. Bxf6 exf6 5. e3 Be6 6. Qf3 Qd7 7. Bd3 Nc6 8. Nge2 Nb4 9. a3 Nxd3+ 10. cxd3 c6 11. 0-0 Bd6 12. e4 fxe4 13. dxe4 dxe4 14. Nxe4 Be7 15. Nc5 Bxc5 16. dxc5 Bd5 17. Qg3 0-0 18. Rad1 Qf7 19. Nf4 Bc4 20. Rfe1 Rad8 21. h4 Rfe8 22. b4 g6 23. Qc3 Kg7 24. Rxd8 Rxd8 25. Qg3 h6 26. Re3 Re8 27. Nh5+ Kh8 28. Rxe8+ Qxe8 29. Nxf6 Qf7 30. Qe5 Be6 31. h5 gxh5 32. Nxh5+ Kg8 33. Nf4 Bc4 34. Nh5 Kh7 35. Nf6+ Kg6 36. Ne4 Qe6 37. Qg3+ Kh7 38. Nd6 Bd5 39. Nxb7 Qe2 40. Nd6 Qd1+ 41. Kh2 Qh5+ 42. Qh3 Qe5+ 43. g3 Kg6 44. Qg4+ Kf6 45. Qf4+ Qxf4 46. gxf4 Be6 47. Kg3 Bd7 48. Kh4 Kg6 49. Kg3 Be6 50. b5 cxb5 51. Nxb5 Kf6 52. Nxa7 Bd5 53. c6 Ke7 54. c7 Bb7 55. c8Q Bxc8 56. Nxc8+ Kd7 57. Nb6+ Kc6 58. Nc4 Kc5 59. Ne5 Kd4 60. Nf7 h5 61. Kh4 Ke4 62. Kxh5 Kxf4 63. Ng5 Kf5 64. Kh4 Kf4 65. f3 Kf5 66. Kg3 Kxg5 67. f4+ Kf5 68. Kf3 Ke6 69. Ke4 Kd6 70. f5 Ke7 71. Ke5 Kf7 72. f6 Ke8 73. Ke6 Kf8 74. f7 Kg7 75. Ke7 Kg6 76. f8Q Kg5 77. Qf3 Kh4 78. Qg2 Kh5 79. a4 Kh6 80. a5 Kh5 81. a6 Kh4 82. a7 Kh5 83. a8R Kh4 84. Rh8# 1-0

[Event "Titled Tuesday intern op 26th Apr Late"]
[Site "Chess.com INT"]
[Date "2022.04.26"]
[Round "7"]
[White "Balint, Vilmos"]
[Black "Gnechko, Ruslan"]
[Result "1-0"]
[WhiteElo "2252"]
[BlackElo "2132"]
[PlyCount "105"]
[EventDate "2022.04.26"]
[EventType "swiss (blitz)"]
[EventRounds "11"]
[EventCountry "USA"]
[SourceTitle "CBM 208 Extra"]
[Source "ChessBase"]
[SourceDate "2022.07.31"]
[SourceVersion "1"]
[SourceVersionDate "2022.07.31"]
[SourceQuality "1"]

1. e4 c6 2. d4 d5 3. e5 Bf5 4. Nf3 e6 5. Be2 Nd7 6. 0-0 Ne7 7. c4 dxc4 8. Bxc4 Nb6 9. Bd3 Bxd3 10. Qxd3 Ned5 11. Nc3 Be7 12. Ne4 h6 13. b3 0-0 14. a4 a5 15. Ba3 Nb4 16. Bxb4 Bxb4 17. Rfd1 Nd5 18. Nfd2 Nf4 19. Qf3 Nd5 20. Nc4 Qh4 21. g3 Qh3 22. Rac1 Rad8 23. Ned6 Rd7 24. Ne4 f5 25. Nc5 Bxc5 26. dxc5 f4 27. Qg2 Qh5 28. g4 Qg6 29. f3 Rfd8 30. Qc2 Qg5 31. Qe4 Qh4 32. Nd6 Ne3 33. Rd2 Nd5 34. Qg6 b6 35. Qxe6+ Kh7 36. Qf5+ Kh8 37. e6 Re7 38. Nf7+ Rxf7 39. exf7 Qe7 40. Kh1 Rf8 41. cxb6 Rxf7 42. Qc8+ Kh7 43. Qxc6 Ne3 44. Qe4+ Qxe4 45. fxe4 f3 46. Rc7 Rf4 47. Rf2 Nxg4 48. Rf1 Ne3 49. b7 Nxf1 50. b8Q Rh4 51. Rf7 Rxh2+ 52. Qxh2 Nxh2 53. Kxh2 1-0

[Event "Titled Tuesday intern op 26th Apr Late"]
[Site "Chess.com INT"]
[Date "2022.04.26"]
[Round "9"]
[White "Leschinsky, Gary"]
[Black "Gnechko, Ruslan"]
[Result "1-0"]
[WhiteElo "1992"]
[BlackElo "2132"]
[PlyCount "74"]
[EventDate "2022.04.26"]
[EventType "swiss (blitz)"]
[EventRounds "11"]
[EventCountry "USA"]
[SourceTitle "CBM 208 Extra"]
[Source "ChessBase"]
[SourceDate "2022.07.31"]
[SourceVersion "1"]
[SourceVersionDate "2022.07.31"]
[SourceQuality "1"]

1. d4 Nf6 2. c4 e6 3. Nc3 Bb4 4. f3 d5 5. a3 Be7 6. e4 dxe4 7. fxe4 c5 8. d5 exd5 9. exd5 0-0 10. Be2 Bd6 11. Nf3 Bg4 12. 0-0 a6 13. Bg5 h6 14. Bh4 Nbd7 15. h3 Bh5 16. Nd2 Bxe2 17. Qxe2 Re8 18. Qd1 Be5 19. Nde4 Bd4+ 20. Kh1 g5 21. Nxf6+ Nxf6 22. Bg3 Qd7 23. Ne2 Ne4 24. Be1 Bxb2 25. Rb1 Bg7 26. Qd3 b5 27. Ng3 bxc4 28. Qxc4 Nxg3+ 29. Bxg3 Bd4 30. d6 Re3 31. Bh2 Rae8 32. Qd5 R8e6 33. Rb7 Rxd6 34. Rxd7 Rxd5 35. Rxd5 Rxa3 36. Bd6 Rc3 37. Be5 Be3 1-0

[Event "Titled Tuesday intern op 26th Apr Late"]
[Site "Chess.com INT"]
[Date "2022.04.26"]
[Round "3"]
[White "Talibov, Shiroghlan"]
[Black "Gnechko, Ruslan"]
[Result "0-1"]
[WhiteElo "2340"]
[BlackElo "2132"]
[PlyCount "92"]
[EventDate "2022.04.26"]
[EventType "swiss (blitz)"]
[EventRounds "11"]
[EventCountry "USA"]
[SourceTitle "CBM 208 Extra"]
[Source "ChessBase"]
[SourceDate "2022.07.31"]
[SourceVersion "1"]
[SourceVersionDate "2022.07.31"]
[SourceQuality "1"]

1. e4 c6 2. d4 d5 3. e5 Bf5 4. h4 h5 5. Bd3 Bxd3 6. Qxd3 e6 7. Nf3 Nd7 8. c4 Ne7 9. Nc3 Nf5 10. cxd5 cxd5 11. Nxd5 Nxe5 12. Qb5+ Nc6 13. Qxb7 Rc8 14. Nc3 Nfxd4 15. Nxd4 Nxd4 16. 0-0 Rc7 17. Qe4 Be7 18. Rd1 Rd7 19. Be3 Ne2+ 20. Nxe2 Rxd1+ 21. Rxd1 Qxd1+ 22. Kh2 0-0 23. Nf4 Bd6 24. g3 Bxf4 25. Qxf4 Qc2 26. Bxa7 Qxb2 27. a4 Rd8 28. a5 Rd1 29. Qf3 Rd5 30. Bb6 Qb5 31. Qc3 Qd7 32. Qf3 Qb7 33. Qe4 g6 34. Qf3 Qa6 35. Qc3 e5 36. Qc6 Rd2 37. Qe8+ Kh7 38. Qxf7+ Kh8 39. Qe8+ Kh7 40. Qe7+ Kh8 41. Qxe5+ Kh7 42. Qe7+ Kh8 43. Qf6+ Kh7 44. Qf7+ Kh8 45. Qxg6 Rxf2+ 46. Kh3 Qf1# 0-1

[Event "Titled Tuesday intern op 01st Feb-A"]
[Site "Chess.com INT"]
[Date "2022.02.01"]
[Round "1"]
[White "Gnechko, Ruslan"]
[Black "Vakhlamov, Igor L"]
[Result "0-1"]
[WhiteElo "2132"]
[BlackElo "2413"]
[PlyCount "104"]
[EventDate "2022.02.01"]
[EventType "swiss (blitz)"]
[EventRounds "11"]
[EventCountry "USA"]
[SourceTitle "CBM 206 Extra"]
[Source "ChessBase"]
[SourceDate "2022.03.31"]
[SourceVersion "1"]
[SourceVersionDate "2022.03.31"]
[SourceQuality "1"]

1. e4 c5 2. d3 Nc6 3. Nd2 d5 4. Ngf3 Nf6 5. g3 g6 6. Bg2 Bg7 7. 0-0 0-0 8. h3 e6 9. Re1 b6 10. c3 Ba6 11. e5 Nd7 12. d4 Rc8 13. Bf1 Bxf1 14. Nxf1 cxd4 15. cxd4 Nb4 16. Re2 f6 17. a3 Nc6 18. exf6 Qxf6 19. N1h2 Nxd4 20. Nxd4 Qxd4 21. Qxd4 Bxd4 22. Kg2 Nc5 23. Nf3 Bg7 24. Ng5 Rce8 25. Be3 Na4 26. Rb1 h6 27. Nf3 e5 28. Nh4 g5 29. Nf3 d4 30. Bd2 Nc5 31. b4 Nd3 32. Rb3 e4 33. Ne1 Nxe1+ 34. Rxe1 Re6 35. g4 Rfe8 36. Re2 Kf7 37. a4 Rc8 38. b5 Rc4 39. a5 d3 40. Re1 Bd4 41. axb6 Bxb6 42. Be3 Rf6 43. Bxb6 axb6 44. Rb2 Ke6 45. f3 Rxf3 46. Rxe4+ Rxe4 47. Kxf3 Kd5 48. Rh2 Kd4 49. h4 Re3+ 50. Kf2 Re2+ 51. Kg3 Rxh2 52. Kxh2 d2 0-1

[Event "Titled Tuesday intern op 25th Jan"]
[Site "Chess.com INT"]
[Date "2022.01.25"]
[Round "2"]
[White "Allahverdiyeva, Ayan"]
[Black "Gnechko, Ruslan"]
[Result "0-1"]
[WhiteElo "2120"]
[BlackElo "2132"]
[PlyCount "52"]
[EventDate "2022.01.25"]
[EventType "swiss (blitz)"]
[EventRounds "11"]
[EventCountry "USA"]
[SourceTitle "CBM 206 Extra"]
[Source "ChessBase"]
[SourceDate "2022.03.31"]
[SourceVersion "1"]
[SourceVersionDate "2022.03.31"]
[SourceQuality "1"]

1. e4 c5 2. Nf3 Nc6 3. d4 cxd4 4. Nxd4 Nf6 5. Nc3 d6 6. Bc4 g6 7. Nxc6 bxc6 8. e5 Nh5 9. g4 Ng7 10. Qf3 e6 11. Qxc6+ Bd7 12. Qf3 Rc8 13. Bb3 Bc6 14. Ne4 Qa5+ 15. Kd1 Qxe5 16. Re1 f5 17. gxf5 gxf5 18. Qe3 Qxe4 19. Qxa7 Qf3+ 20. Kd2 Qf4+ 21. Kd3 Bb5+ 22. c4 Bxc4+ 23. Bxc4 Qxc4+ 24. Kd2 Qc2+ 25. Ke3 Qe4+ 26. Kd2 Rc2+ 0-1

[Event "Titled Tuesday intern op 25th Jan"]
[Site "Chess.com INT"]
[Date "2022.01.25"]
[Round "1"]
[White "Gnechko, Ruslan"]
[Black "Ibrahimli, Murad Sultanali"]
[Result "0-1"]
[WhiteElo "2132"]
[BlackElo "2418"]
[PlyCount "74"]
[EventDate "2022.01.25"]
[EventType "swiss (blitz)"]
[EventRounds "11"]
[EventCountry "USA"]
[SourceTitle "CBM 206 Extra"]
[Source "ChessBase"]
[SourceDate "2022.03.31"]
[SourceVersion "1"]
[SourceVersionDate "2022.03.31"]
[SourceQuality "1"]

1. Nf3 Nf6 2. g3 d5 3. d4 c6 4. Bg2 Bf5 5. 0-0 e6 6. b3 h6 7. Bb2 Nbd7 8. Nbd2 a5 9. a3 Be7 10. c4 0-0 11. Ne5 Bh7 12. Re1 Nxe5 13. dxe5 Nd7 14. e4 d4 15. f4 Nc5 16. Bf1 d3 17. b4 axb4 18. axb4 Qb6 19. bxc5 Bxc5+ 20. Kh1 Qxb2 21. Rb1 Qc2 22. Rxb7 Ra2 23. Qxc2 dxc2 24. Nb3 Ba3 25. Ra7 Rd8 26. Bd3 Rxd3 27. Ra8+ Bf8 28. Rxa2 Rd1 29. Ra1 Bxe4+ 30. Kg1 Bd3 31. Kf2 Bxc4 32. Na5 Bc5+ 33. Kf3 Bd5+ 34. Ke2 Rxa1 35. Rxa1 Ba3 36. Kd2 c1Q+ 37. Rxc1 Bb4+ 0-1

[Event "Titled Tuesday intern op 25th Jan"]
[Site "Chess.com INT"]
[Date "2022.01.25"]
[Round "8"]
[White "Gnechko, Ruslan"]
[Black "Papasimakopoulos, Alexandros"]
[Result "1-0"]
[WhiteElo "2132"]
[BlackElo "2259"]
[PlyCount "39"]
[EventDate "2022.01.25"]
[EventType "swiss (blitz)"]
[EventRounds "11"]
[EventCountry "USA"]
[SourceTitle "CBM 206 Extra"]
[Source "ChessBase"]
[SourceDate "2022.03.31"]
[SourceVersion "1"]
[SourceVersionDate "2022.03.31"]
[SourceQuality "1"]

1. e4 e6 2. d4 d5 3. Nc3 Bb4 4. Qd3 dxe4 5. Qxe4 Nf6 6. Qh4 Nc6 7. Nf3 Ne7 8. Bd3 Nf5 9. Bxf5 exf5 10. 0-0 0-0 11. Bg5 Be7 12. Rfe1 h6 13. Rxe7 Qxe7 14. Nd5 Qe4 15. Nxf6+ gxf6 16. Qxh6 fxg5 17. Nxg5 f4 18. Nxe4 f5 19. Qg6+ Kh8 20. Ng5 1-0

[Event "Titled Tuesday intern op 25th Jan"]
[Site "Chess.com INT"]
[Date "2022.01.25"]
[Round "5"]
[White "Klimkowski, Jan"]
[Black "Gnechko, Ruslan"]
[Result "0-1"]
[WhiteElo "2352"]
[BlackElo "2132"]
[PlyCount "70"]
[EventDate "2022.01.25"]
[EventType "swiss (blitz)"]
[EventRounds "11"]
[EventCountry "USA"]
[SourceTitle "CBM 206 Extra"]
[Source "ChessBase"]
[SourceDate "2022.03.31"]
[SourceVersion "1"]
[SourceVersionDate "2022.03.31"]
[SourceQuality "1"]

1. e4 c6 2. d4 d5 3. e5 Bf5 4. c4 e6 5. Nc3 Nd7 6. h4 h5 7. Nge2 Ne7 8. Ng3 Bg6 9. Be2 dxc4 10. Bxc4 Nb6 11. Be2 f5 12. exf6 gxf6 13. Nxh5 Nf5 14. Nf4 Bf7 15. h5 Qxd4 16. 0-0 e5 17. Qc2 Ng3 18. Be3 Nxe2+ 19. Ncxe2 Qc4 20. Qf5 exf4 21. Bxb6 Rxh5 22. Qxf6 Be7 23. Qxf4 axb6 24. Qe3 Qh4 25. Qh3 Qxh3 26. gxh3 Rxh3 27. Rfe1 Kf8 28. Nf4 Rh4 29. Ng2 Rg4 30. f3 Bc5+ 31. Kh2 Rg5 32. Rad1 Kg7 33. Re4 Rh8+ 34. Nh4 Bf2 35. Kh3 Be6+ 0-1

[Event "Titled Tuesday intern op 11th Jan"]
[Site "Chess.com INT"]
[Date "2022.01.11"]
[Round "3"]
[White "Gnechko, Ruslan"]
[Black "Artemenko, Oleg"]
[Result "0-1"]
[WhiteElo "2132"]
[BlackElo "2246"]
[PlyCount "88"]
[EventDate "2022.01.11"]
[EventType "swiss (blitz)"]
[EventRounds "11"]
[EventCountry "USA"]
[SourceTitle "CBM 206 Extra"]
[Source "ChessBase"]
[SourceDate "2022.03.31"]
[SourceVersion "1"]
[SourceVersionDate "2022.03.31"]
[SourceQuality "1"]

1. d4 Nf6 2. Nf3 e6 3. Bf4 d5 4. e3 c5 5. Nbd2 Nc6 6. c3 Be7 7. Bd3 Nh5 8. Bg3 Nxg3 9. hxg3 h6 10. Qe2 Qb6 11. Rb1 Bf6 12. 0-0 Bd7 13. Rfe1 0-0 14. dxc5 Qxc5 15. e4 Rfe8 16. e5 Bd8 17. Nb3 Qe7 18. Qe3 Bb6 19. Qf4 Rac8 20. Nbd4 Nxd4 21. Nxd4 Qg5 22. Qxg5 hxg5 23. f4 gxf4 24. gxf4 g6 25. Kf2 Kg7 26. Ke3 Rh8 27. Rh1 Rxh1 28. Rxh1 Rh8 29. Rxh8 Kxh8 30. g4 Bc7 31. g5 a6 32. b4 Kg7 33. Bc2 Kf8 34. a4 Ke7 35. a5 Bb8 36. Nb3 Ba7+ 37. Nc5 Bb5 38. Kd4 Kd8 39. Bb3 Kc7 40. Bc2 Kc6 41. Bb3 b6 42. axb6 Bxb6 43. Bc2 a5 44. bxa5 Bxc5# 0-1

[Event "Titled Tuesday intern op 14th Dec"]
[Site "Chess.com INT"]
[Date "2021.12.14"]
[Round "2"]
[White "Gnechko, Ruslan"]
[Black "Lopez del Alamo, Antonio"]
[Result "1-0"]
[WhiteElo "2132"]
[BlackElo "2275"]
[PlyCount "67"]
[EventDate "2021.12.14"]
[EventType "swiss (blitz)"]
[EventRounds "11"]
[EventCountry "USA"]
[SourceTitle "EXT 2023"]
[Source "ChessBase"]
[SourceDate "2022.10.05"]
[SourceVersion "1"]
[SourceVersionDate "2022.10.05"]
[SourceQuality "1"]

1. d4 Nf6 2. Nf3 g6 3. Bg5 Bg7 4. Nbd2 d5 5. e3 0-0 6. c3 Nbd7 7. Be2 Re8 8. 0-0 e5 9. h3 c6 10. b4 e4 11. Nh2 Nf8 12. b5 h6 13. Bh4 g5 14. Bg3 Ng6 15. a4 Bd7 16. c4 dxc4 17. Nxc4 cxb5 18. Nd6 bxa4 19. Nxe8 Qxe8 20. Qb1 b5 21. Rc1 a5 22. Rc7 b4 23. Ng4 Nd5 24. Rc5 Nc3 25. Qc2 f5 26. Bc4+ Kh7 27. Ne5 f4 28. Bf7 fxg3 29. Bxg6+ Qxg6 30. Nxg6 Kxg6 31. Rxc3 bxc3 32. Qxe4+ Bf5 33. Qxa8 c2 34. Qxa5 1-0